| 000 -CABECERA |
| Longitud fija campo de control |
01003nam a22001817a 4500 |
| 003 - IDENTIFICADOR DEL NÚMERO DE CONTROL |
| Identificador del número de control |
OSt |
| 005 - FECHA Y HORA DE LA ÚLTIMA TRANSACCIÓN |
| Fecha y hora de la última transacción |
20131030135818.0 |
| 008 - CÓDIGOS DE INFORMACIÓN DE LONGITUD FIJA |
| Códigos de información de longitud fija |
131014e2013 xxu||||| |||| 00| 0 eng d |
| 024 ## - OTROS IDENTIFICADORES NORMALIZADOS |
| Fuente del número o código |
DL |
| Número normalizado o código |
GI- 1287-2012 |
| 040 ## - FUENTE DE LA CATALOGACIÓN |
| Centro transcriptor |
CDMR |
| 110 ## - PUNTO DE ACCESO PRINCIPAL-NOMBRE DE ENTIDAD CORPORATIVA |
| 9 (RLIN) |
3224 |
| Nombre de entidad corporativa o nombre de jurisdicción como elemento inicial |
Comissió de Fotoperiodistes de Girona |
| 245 00 - MENCIÓN DE TÍTULO |
| Título |
Mostra de Fotoperiodistes 2012 |
| Mención de responsabilidad, etc. |
Col·lectiu de fotoperiodistes de Girona |
| 260 ## - PUBLICACIÓN, DISTRIBUCIÓN, ETC. (PIE DE IMPRENTA) |
| Lugar de publicación, distribución, etc. |
Girona |
| Fecha de publicación, distribución, etc. |
2012 |
| Nombre del editor, distribuidor, etc. |
Col·legi de Periodistes de Catalunya, Demarcació de Girona |
| 300 ## - DESCRIPCIÓN FÍSICA |
| Extensión |
68 p. |
| 505 ## - NOTA DE CONTENIDO CON FORMATO |
| Mención de responsabilidad (R ) |
Aparicio, David; Borrat, David; Colomer, Carles; Ensesa, Agustí; Martí, Marc ; Artalejo, Martí; Candela, Antoni; Duch, Dani; Lladó, Manel; Melendez, Carles; Atset, Cèlia; Castro, Joan; Duran, Pere; Lleixà, Roger; Molons, Conxi, Oliveras, Josep M.; Ribot, Jordi; Sainz de Baranda, Inma; Thowsend, Robin; Purcallas, Jaume ; Roser, Quim, Soriano, Tino; Vidal, Rosana; Resclosa, Aniol; Serrat, LLuís, Teixidó, Llibert, Vilches, Toni. |
| 650 04 - PUNTO DE ACCESO ADICIONAL DE MATERIA - TÉRMINO DE MATERIA |
| 9 (RLIN) |
3679 |
| Término de materia o nombre geográfico como elemento inicial |
Fotoperiodisme |
| Subdivisión de materia general |
Exposicions |
| 942 ## - ENTRADA DE ELEMENTOS AGREGADOS (KOHA) |
| Fuente de clasificaión o esquema |
|
| Koha [por defecto] tipo de item |
Monografies |